[Event "TCh-CHN 2018"]
[Site "China CHN"]
[Date "2018.08.22"]
[Round "12.2"]
[Board "1"]
[White "Liu, Yan"]
[Black "Cheparinov, Ivan"]
[Result "0-1"]
[WhiteTitle "IM"]
[BlackTitle "GM"]
[WhiteElo "2495"]
[BlackElo "2711"]
[WhiteTeam "Chongqing Team"]
[BlackTeam "Shenzhen Longgang Chess association"]
[WhiteFideId "8608962"]
[BlackFideId "2905540"]
[EventDate "2018.04.11"]

1. Nf3 f5 2. b3 d6 3. d4 g6 4. Bb2 Bg7 5. g3 Nf6 6. Bg2 O-O 7. O-O c6 8. c4 Na6
9. Nbd2 Nd7 10. Ne1 e5 11. e3 e4 12. f3 d5 13. cxd5 cxd5 14. b4 Nf6 15. Qb3 Kh8
16. b5 Nc7 17. a4 Ne6 18. Nc2 h5 19. Ba3 Rg8 20. fxe4 fxe4 21. Nb4 Nc7 22. Rac1
Bf5 23. Rc3 Ne6 24. Qc2 h4 25. gxh4 Bh6 26. h3 Rc8 27. Re1 Rxc3 28. Qxc3 Qb8 29.
Nf1 g5 30. Qb3 gxh4 31. Nxd5 Bxh3 32. Nxf6 Rxg2+ 33. Kh1 Rg6 0-1

[Event "TCh-CHN 2018"]
[Site "China CHN"]
[Date "2018.08.22"]
[Round "12.2"]
[Board "2"]
[White "Ganguly, Surya Shekhar"]
[Black "Zhou, Jianchao"]
[Result "1/2-1/2"]
[WhiteTitle "GM"]
[BlackTitle "GM"]
[WhiteElo "2615"]
[BlackElo "2617"]
[WhiteTeam "Chongqing Team"]
[BlackTeam "Shenzhen Longgang Chess association"]
[WhiteFideId "5002150"]
[BlackFideId "8603537"]
[EventDate "2018.04.11"]

1. e4 e5 2. Nf3 Nc6 3. Bc4 Bc5 4. c3 Nf6 5. d3 O-O 6. O-O d5 7. exd5 Nxd5 8. Re1
Bg4 9. h3 Bh5 10. b4 Be7 11. b5 Na5 12. Rxe5 Nxc4 13. dxc4 Nf6 14. Qxd8 Bxd8 15.
Nbd2 Bxf3 16. Nxf3 Nd7 17. Re2 Bf6 18. Bg5 Bxc3 19. Rd1 Nc5 20. Re3 Bf6 21. Bxf6
gxf6 22. Rd5 Ne6 23. Nd4 Nxd4 24. Rxd4 Rfd8 25. Rg4+ Kf8 26. Reg3 f5 27. Rh4 a6
28. Rxh7 axb5 29. Rh8+ Ke7 30. Re3+ Kf6 31. Rxd8 Rxd8 32. cxb5 Rd5 33. a4 Rc5
34. Rf3 Kg6 35. Rf4 Rc1+ 36. Kh2 c5 37. Rf3 Ra1 38. Rc3 Rxa4 39. Rxc5 Rb4 40.
Kg3 f6 41. Rd5 Rb3+ 42. f3 Rb2 43. Kf4 Rb4+ 44. Ke3 Rb2 45. g4 Rb3+ 46. Kf4 Rb4+
47. Kg3 fxg4 48. hxg4 Rb3 49. Rf5 Rb4 50. Kf2 Rb3 51. Ke2 b6 52. Kf2 Kg7 53. Kg3
Rb4 54. Rd5 Kg6 55. f4 Rb1 56. Rd6 Rxb5 57. g5 Rf5 58. Rxb6 Kh5 59. gxf6 Kg6 60.
Kg4 Rxf6 61. f5+ Kg7 62. Rb7+ Kf8 63. Kg5 Ra6 64. Rc7 Rb6 1/2-1/2

[Event "TCh-CHN 2018"]
[Site "China CHN"]
[Date "2018.08.22"]
[Round "12.2"]
[Board "3"]
[White "Zhou, Weiqi"]
[Black "Liu, Qingnan"]
[Result "1-0"]
[WhiteTitle "GM"]
[BlackTitle "GM"]
[WhiteElo "2597"]
[BlackElo "2538"]
[WhiteTeam "Chongqing Team"]
[BlackTeam "Shenzhen Longgang Chess association"]
[WhiteFideId "8601674"]
[BlackFideId "8603294"]
[EventDate "2018.04.11"]

1. d4 d5 2. c4 e6 3. Nf3 Nf6 4. g3 dxc4 5. Bg2 Nc6 6. O-O Rb8 7. e3 b5 8. b3
cxb3 9. axb3 Bb7 10. Qe2 Bb4 11. Qxb5 O-O 12. Qc4 a5 13. Bd2 Qd6 14. Rc1 Rfc8
15. Ne1 Ne7 16. Bxb4 axb4 17. Bxb7 Rxb7 18. Nd3 Ne4 19. Ra6 Qd5 20. Nc5 Rb6 21.
Ra5 Rc6 22. Qxd5 Nxd5 23. Rd1 f5 24. Nxe4 fxe4 25. Nd2 Rc3 26. Rb1 Rc2 27. Nxe4
Rf8 28. Rf1 h6 29. Nc5 Rf6 30. Nd7 Rf7 31. Ra8+ Kh7 32. Nf8+ Rxf8 33. Rxf8 Rb2
34. Rb8 Rxb3 35. Rc1 Kg6 36. Kg2 Kf6 37. Kf3 Ke7 38. Rc2 Kd6 39. h4 Rb1 40. e4
Rb3+ 41. Ke2 Nc3+ 42. Kd3 Ra3 43. f3 Na4+ 44. Kc4 Rxf3 45. Kxb4 Nb6 46. Rb7 Na8
47. Ra7 Rf8 48. Rc5 Kd7 49. h5 Rc8 50. g4 Nb6 51. Kb5 Kd8 52. Rc6 Rb8 53. Ka5
Nc8 54. Raxc7 Ne7 55. Rxe6 Ra8+ 56. Kb5 Nd5 57. Rxg7 1-0

[Event "TCh-CHN 2018"]
[Site "China CHN"]
[Date "2018.08.22"]
[Round "12.2"]
[Board "4"]
[White "Zhang, Xiaowen"]
[Black "Tan, Zhongyi"]
[Result "0-1"]
[WhiteTitle "WGM"]
[BlackTitle "GM"]
[WhiteElo "2318"]
[BlackElo "2513"]
[WhiteTeam "Shenzhen Longgang Chess association"]
[BlackTeam "Chongqing Team"]
[WhiteFideId "8603219"]
[BlackFideId "8603642"]
[EventDate "2018.04.11"]

1. e4 e5 2. Nf3 Nc6 3. Nc3 Nf6 4. d4 exd4 5. Nxd4 Bb4 6. Nxc6 bxc6 7. Bd3 O-O 8.
O-O Re8 9. Bg5 h6 10. Bh4 Be7 11. Re1 d6 12. f4 Rb8 13. Rb1 Nd7 14. Bf2 Bh4 15.
g3 Bf6 16. e5 dxe5 17. Bxa7 Ra8 18. Be3 exf4 19. Bxf4 Nc5 20. Ne4 Bd4+ 21. Kg2
Nxd3 22. Qxd3 Bf5 23. Qf3 Qd5 24. Nd2 Bxc2 25. Rbc1 Rxe1 26. Rxe1 Rxa2 27. Bxc7
Rxb2 0-1

[Event "TCh-CHN 2018"]
[Site "China CHN"]
[Date "2018.08.22"]
[Round "12.2"]
[Board "5"]
[White "Ushenina, Anna"]
[Black "Lei, Tingjie"]
[Result "1/2-1/2"]
[WhiteTitle "GM"]
[BlackTitle "GM"]
[WhiteElo "2440"]
[BlackElo "2457"]
[WhiteTeam "Shenzhen Longgang Chess association"]
[BlackTeam "Chongqing Team"]
[WhiteFideId "14110911"]
[BlackFideId "8605114"]
[EventDate "2018.04.11"]

1. d4 Nf6 2. c4 e6 3. Nf3 d5 4. g3 Bb4+ 5. Bd2 Be7 6. Bg2 O-O 7. O-O Nbd7 8. Qc2
c6 9. Rd1 Ne4 10. Be1 f5 11. Nc3 b6 12. b4 Ba6 13. b5 Nxc3 14. Qxc3 cxb5 15.
cxd5 exd5 16. Qd3 Bb7 17. Qxb5 f4 18. Ne5 Nxe5 19. dxe5 fxg3 20. hxg3 Bc5 21.
Qb3 Qg5 22. Bxd5+ Bxd5 23. Rxd5 Kh8 24. Kg2 Rae8 25. Qc3 Re6 26. f3 Rg6 27. Rad1
a5 28. Qd2 Qf5 29. Qd3 Qg5 30. Qe4 h6 31. e6 Qf6 32. Bxa5 Qxe6 33. Qxe6 Rxe6 34.
e4 Re7 35. a3 Bxa3 36. Bxb6 Rb7 37. Bf2 Kh7 38. Rd7 Rb2 39. R1d2 Rxd2 40. Rxd2
Kg6 41. Ra2 Be7 42. Ra6+ Kf7 43. Ra7 Rc8 44. Bd4 g6 45. Be3 Rc2+ 46. Kh3 g5 47.
Kg4 Rc3 48. Bd4 Rc4 49. Be5 Rc6 50. Kf5 Rc5 51. f4 gxf4 52. gxf4 h5 53. Ra6 h4
54. Rh6 Ra5 55. Rh7+ Ke8 56. Kg4 Ra4 57. Kf5 Ra5 58. Rh6 Kf7 59. Rc6 Rb5 60. Ra6
Bd8 61. Ra7+ Be7 62. Kg4 Rb4 63. Kf5 Rb5 64. Ra2 Bd6 65. Rh2 Be7 66. Kg4 Rb4 67.
Re2 Ke6 68. Bc3 Rc4 69. Be1 Rc8 70. Bxh4 Rg8+ 71. Bg5 Bxg5 72. fxg5 Rh8 73. Ra2
Rh1 74. Ra6+ Kf7 75. Kf5 Rf1+ 76. Ke5 Re1 77. Rf6+ Kg7 78. Re6 Rg1 79. g6 Ra1
80. Rd6 Ra5+ 81. Kf4 Ra1 82. e5 Re1 83. Ra6 Rg1 84. Kf5 Rf1+ 85. Ke6 Rb1 86. Kd7
Rb7+ 87. Kc6 Rb1 88. e6 Kxg6 89. Kd7 Rb7+ 90. Kd8 Rb8+ 91. Kc7 Rb1 92. Kd8 Rb8+
93. Kc7 Rb1 94. Kd8 1/2-1/2

[Event "TCh-CHN 2018"]
[Site "China CHN"]
[Date "2018.08.22"]
[Round "12.3"]
[Board "1"]
[White "Harikrishna, Pentala"]
[Black "Yu, Yangyi"]
[Result "1/2-1/2"]
[WhiteTitle "GM"]
[BlackTitle "GM"]
[WhiteElo "2729"]
[BlackElo "2764"]
[WhiteTeam "China Mobil Shanghai Chess Club"]
[BlackTeam "Beijing Beiao team"]
[WhiteFideId "5007003"]
[BlackFideId "8603820"]
[EventDate "2018.04.11"]

1. e4 e5 2. Nf3 Nf6 3. Nxe5 d6 4. Nd3 Nxe4 5. Qe2 Qe7 6. Nc3 Nf6 7. Nf4 c6 8. d4
Qxe2+ 9. Bxe2 d5 10. O-O Bd6 11. Bd3 O-O 12. Nfe2 Nbd7 13. Bf4 Bxf4 14. Nxf4 Re8
15. f3 Nf8 16. h4 h5 17. Rfe1 Bd7 18. Kf2 g6 19. b4 Rxe1 20. Rxe1 Re8 21. Rb1
Ne6 22. Nxe6 Bxe6 23. b5 Rc8 24. bxc6 Rxc6 25. Rb3 Kf8 26. Ne2 Rc7 27. Nf4 Bd7
28. Ke3 Ke7 29. Kd2 Kd6 30. Rb1 b6 31. Re1 Rc8 32. Ra1 Ba4 33. Nh3 Nh7 34. Nf4
Nf6 35. Ne2 Bd7 36. a4 Ne8 37. Nc3 a5 38. Nd1 Nc7 39. Ne3 Ne6 40. c3 f5 41. Bc2
f4 42. Nd1 g5 43. hxg5 Nxg5 44. Rb1 Rb8 45. Nf2 h4 46. Nd3 h3 47. gxh3 Nxf3+ 48.
Ke2 Ng5 49. Nxf4 Nxh3 50. Nxh3 1/2-1/2

[Event "TCh-CHN 2018"]
[Site "China CHN"]
[Date "2018.08.22"]
[Round "12.3"]
[Board "2"]
[White "Ni, Hua"]
[Black "Li, Chao b"]
[Result "1/2-1/2"]
[WhiteTitle "GM"]
[BlackTitle "GM"]
[WhiteElo "2683"]
[BlackElo "2703"]
[WhiteTeam "China Mobil Shanghai Chess Club"]
[BlackTeam "Beijing Beiao team"]
[WhiteFideId "8601160"]
[BlackFideId "8604436"]
[EventDate "2018.04.11"]

1. e4 e5 2. Nf3 Nf6 3. Nxe5 d6 4. Nf3 Nxe4 5. Nc3 Nxc3 6. dxc3 Be7 7. Be3 Nc6 8.
Qd2 Be6 9. O-O-O Bf6 10. Kb1 a6 11. h3 h6 12. g4 Qd7 13. Nd4 Bd5 14. Rg1 O-O-O
15. Nxc6 Bxc6 16. Bd4 Bxd4 17. cxd4 Bf3 18. Re1 Rde8 19. Bd3 Kb8 20. Qf4 Rxe1+
21. Rxe1 Re8 22. Re3 Bc6 23. b3 d5 24. Kb2 Rxe3 25. Qxe3 Qe8 26. Qxe8+ Bxe8 27.
h4 g5 28. hxg5 hxg5 29. Bf5 Bb5 30. Kc3 a5 31. a3 c6 1/2-1/2

[Event "TCh-CHN 2018"]
[Site "China CHN"]
[Date "2018.08.22"]
[Round "12.3"]
[Board "3"]
[White "Xu, Yi"]
[Black "Wang, Yiye"]
[Result "1/2-1/2"]
[WhiteTitle "IM"]
[BlackTitle "IM"]
[WhiteElo "2533"]
[BlackElo "2437"]
[WhiteTeam "China Mobil Shanghai Chess Club"]
[BlackTeam "Beijing Beiao team"]
[WhiteFideId "8605564"]
[BlackFideId "8606021"]
[EventDate "2018.04.11"]

1. e4 e6 2. d4 d5 3. Nc3 Bb4 4. e5 c5 5. a3 Ba5 6. b4 cxd4 7. Nb5 Bc7 8. f4 Bd7
9. Nxc7+ Qxc7 10. Nf3 Ba4 11. Bd3 Qc3+ 12. Bd2 Qxd3 13. cxd3 Bxd1 14. Rxd1 Ne7
15. Nxd4 Nbc6 16. Nb3 Nf5 17. Rc1 O-O 18. Nc5 b6 19. Nb3 Ncd4 20. Nxd4 Nxd4 21.
Be3 Rfc8 22. Kd1 Rxc1+ 23. Kxc1 Nf5 24. Bf2 Kf8 25. Kb2 Ke8 26. g4 Ne7 27. Bh4
Ng6 28. Bg3 Ne7 29. Rf1 h5 30. h3 Kd7 31. Bh4 hxg4 32. hxg4 Rh8 33. Bxe7 Kxe7
34. g5 a6 1/2-1/2

[Event "TCh-CHN 2018"]
[Site "China CHN"]
[Date "2018.08.22"]
[Round "12.3"]
[Board "4"]
[White "Wang, Yu A."]
[Black "Ju, Wenjun"]
[Result "1/2-1/2"]
[WhiteTitle "IM"]
[BlackTitle "GM"]
[WhiteElo "2303"]
[BlackElo "2568"]
[WhiteTeam "Beijing Beiao team"]
[BlackTeam "China Mobil Shanghai Chess Club"]
[WhiteFideId "8601097"]
[BlackFideId "8603006"]
[EventDate "2018.04.11"]

1. e4 e5 2. Nf3 Nc6 3. Bc4 Nf6 4. d3 Bc5 5. O-O O-O 6. c3 d6 7. Be3 Bb6 8. Bb3
d5 9. exd5 Nxd5 10. Bg5 f6 11. Bh4 Kh8 12. d4 exd4 13. Nxd4 Nxd4 14. cxd4 Ne7
15. Bg3 Nf5 16. d5 Nxg3 17. hxg3 f5 18. Qh5 Qf6 19. Nc3 f4 20. Bc2 g6 21. Qf3
fxg3 22. Qxg3 Bd7 23. Rad1 Rae8 24. Ba4 Bxa4 25. Nxa4 Bd4 26. Nc3 Be5 27. Qd3
Qh4 28. g3 Qh3 29. f4 Bg7 30. Ne4 Qg4 31. b3 h6 32. Kg2 Kg8 33. d6 cxd6 34. Nxd6
Re2+ 35. Rf2 Rxf2+ 36. Kxf2 Rd8 37. Rd2 Kh7 38. Qe4 Qh5 39. Kg2 Qa5 40. b4 Qc7
41. Nc4 Rxd2+ 42. Nxd2 Qd7 43. Nc4 b5 44. Ne5 Qe6 45. a3 Qa2+ 46. Kh3 Qe6+ 47.
Kg2 Qa2+ 48. Kh3 Qe6+ 49. Kg2 Qa2+ 50. Kh3 1/2-1/2

[Event "TCh-CHN 2018"]
[Site "China CHN"]
[Date "2018.08.22"]
[Round "12.3"]
[Board "5"]
[White "Wang, Jue"]
[Black "Ni, Shiqun"]
[Result "1/2-1/2"]
[WhiteTitle "WGM"]
[BlackTitle "WGM"]
[WhiteElo "2367"]
[BlackElo "2436"]
[WhiteTeam "Beijing Beiao team"]
[BlackTeam "China Mobil Shanghai Chess Club"]
[WhiteFideId "8604070"]
[BlackFideId "8608466"]
[EventDate "2018.04.11"]

1. e4 e5 2. Nf3 Nf6 3. Nxe5 d6 4. Nf3 Nxe4 5. Nc3 Nxc3 6. dxc3 Be7 7. Be3 Nc6 8.
Bd3 Bg4 9. h3 Bh5 10. Qe2 Qd7 11. O-O-O Ne5 12. Be4 Bxf3 13. Bxf3 Nxf3 14. Qxf3
Qc6 15. Qg4 Bf6 16. h4 O-O 17. h5 Rfe8 18. h6 Qe4 19. Qxe4 Rxe4 20. hxg7 Rg4 21.
g3 Re8 22. Rh5 Re5 23. Rdh1 Rxh5 24. Rxh5 b6 25. Kd2 Kxg7 26. Ke2 Kg6 27. Rh6+
Kg7 28. Rh3 Ra4 29. a3 Kg6 30. Rh6+ Kg7 31. Rh5 Kg6 32. Rh6+ Kg7 33. Rh5 Kg6 34.
Rh6+ 1/2-1/2

[Event "TCh-CHN 2018"]
[Site "China CHN"]
[Date "2018.08.22"]
[Round "12.4"]
[Board "1"]
[White "Bu, Xiangzhi"]
[Black "Balogh, Csaba"]
[Result "1/2-1/2"]
[WhiteTitle "GM"]
[BlackTitle "GM"]
[WhiteElo "2726"]
[BlackElo "2629"]
[WhiteTeam "Shandong Jingzhi Team"]
[BlackTeam "Hebei sports lottery chess team"]
[WhiteFideId "8601445"]
[BlackFideId "718939"]
[EventDate "2018.04.11"]

1. Nf3 d5 2. g3 c6 3. Bg2 Bg4 4. O-O e6 5. c4 Nf6 6. Qb3 Qb6 7. Qc2 Nbd7 8. d3
dxc4 9. Qxc4 Bxf3 10. exf3 Be7 11. f4 O-O 12. Nc3 Rfd8 13. d4 Qb4 14. Qxb4 Bxb4
15. a3 Be7 16. f5 exf5 17. d5 cxd5 18. Nxd5 Nxd5 19. Bxd5 Nc5 20. Rd1 Rd7 21.
Be3 Rad8 22. Bf3 Rxd1+ 23. Rxd1 Rxd1+ 24. Bxd1 b6 25. Bxc5 Bxc5 26. Kg2 a5 27.
a4 g6 28. Be2 Kg7 29. Bc4 Kf6 30. f4 h6 31. h4 1/2-1/2

[Event "TCh-CHN 2018"]
[Site "China CHN"]
[Date "2018.08.22"]
[Round "12.4"]
[Board "2"]
[White "Zhao, Jun"]
[Black "Peng, Hongchi"]
[Result "1-0"]
[WhiteTitle "GM"]
[WhiteElo "2607"]
[BlackElo "2273"]
[WhiteTeam "Shandong Jingzhi Team"]
[BlackTeam "Hebei sports lottery chess team"]
[WhiteFideId "8602522"]
[BlackFideId "8609047"]
[EventDate "2018.04.11"]

1. d4 Nf6 2. c4 d6 3. Nc3 g6 4. e4 Bg7 5. Nf3 O-O 6. Be2 e5 7. d5 a5 8. Bg5 Na6
9. Nd2 h6 10. Be3 Nh7 11. a3 Bd7 12. O-O h5 13. Rb1 h4 14. h3 f5 15. Nf3 Bf6 16.
b4 axb4 17. axb4 Qe7 18. Qb3 Kh8 19. Ra1 Rg8 20. b5 Nc5 21. Bxc5 Rxa1 22. Rxa1
dxc5 23. b6 g5 24. bxc7 g4 25. hxg4 fxg4 26. Ne1 g3 27. fxg3 Qg7 28. g4 Bxg4 29.
Bxg4 Qxg4 30. Qxb7 Bg5 31. Ra8 Nf8 32. c8=Q Qg3 33. Qxf8 Qxe1+ 34. Qf1 Be3+ 35.
Kh2 Qxf1 36. Rxg8+ Kxg8 37. Qc8+ Kg7 38. Qg4+ Kf6 39. Qe6+ Kg7 40. Qxe5+ Kg6 41.
Qe6+ Kg7 42. Qg4+ Kf7 43. Qf3+ Qxf3 44. gxf3 Kf6 45. Kh3 Bf2 46. f4 Be3 47. Ne2 1-0

[Event "TCh-CHN 2018"]
[Site "China CHN"]
[Date "2018.08.22"]
[Round "12.4"]
[Board "3"]
[White "Wen, Yang"]
[Black "Zhang, Ziji"]
[Result "1-0"]
[WhiteTitle "GM"]
[WhiteElo "2604"]
[BlackElo "2393"]
[WhiteTeam "Shandong Jingzhi Team"]
[BlackTeam "Hebei sports lottery chess team"]
[WhiteFideId "8602956"]
[BlackFideId "8609470"]
[EventDate "2018.04.11"]

1. e4 e5 2. Nf3 Nc6 3. Bc4 Bc5 4. O-O Nf6 5. d3 O-O 6. h3 h6 7. Re1 d6 8. c3 a6
9. a4 Ba7 10. Nbd2 Ne7 11. Bb3 Ng6 12. d4 Re8 13. Bc2 Bd7 14. a5 Qe7 15. Nf1 Nh5
16. Ne3 Nhf4 17. Nf5 Qd8 18. Be3 exd4 19. cxd4 d5 20. e5 f6 21. Qd2 fxe5 22.
dxe5 Rf8 23. Bxa7 Bxf5 24. Bc5 Rf7 25. e6 Rf6 26. Bd4 Rf8 27. e7 Nxe7 28. Bc5
Nfg6 29. Nd4 Rf6 30. Rxe7 Bxc2 31. Ne6 Qxe7 32. Bxe7 Rxe6 33. Qxc2 Nxe7 34. Qxc7
Rc8 35. Qxb7 Rc5 36. Qd7 Kf7 37. Ra3 1-0

[Event "TCh-CHN 2018"]
[Site "China CHN"]
[Date "2018.08.22"]
[Round "12.4"]
[Board "4"]
[White "Zhai, Mo"]
[Black "Muzychuk, Anna"]
[Result "1-0"]
[WhiteTitle "WGM"]
[BlackTitle "GM"]
[WhiteElo "2352"]
[BlackElo "2564"]
[WhiteTeam "Hebei sports lottery chess team"]
[BlackTeam "Shandong Jingzhi Team"]
[WhiteFideId "8600201"]
[BlackFideId "14111330"]
[EventDate "2018.04.11"]

1. c4 e5 2. g3 c6 3. Nf3 d6 4. Bg2 g6 5. Nc3 Nf6 6. O-O Bg7 7. e4 O-O 8. d4 exd4
9. Nxd4 Re8 10. Re1 Qb6 11. Na4 Qa5 12. Bd2 Qc7 13. Bf4 Nh5 14. Be3 Nd7 15. f3
Nc5 16. Nc3 a5 17. b3 Nf6 18. Qd2 Nfd7 19. Rad1 Ne5 20. Qc2 h5 21. h3 a4 22. f4
axb3 23. axb3 Ned7 24. b4 Ne6 25. Ndb5 cxb5 26. Nxb5 Qb8 27. Nxd6 Rd8 28. c5 Ra3
29. e5 Nxe5 30. fxe5 Bxe5 31. Bc1 Rc3 32. Qf2 Rxd6 33. cxd6 Rxc1 34. Rxc1 Bd4
35. Qxd4 Nxd4 36. Re8+ Kg7 37. d7 Ne2+ 38. Kf1 Nxg3+ 39. Ke1 Ne4 40. dxc8=Q Qg3+
41. Ke2 Qxg2+ 42. Ke3 Nf6 43. Rd8 Qe4+ 44. Kd2 Qxb4+ 45. Qc3 Qf4+ 46. Qe3 Qh2+
47. Kd3 Qb2 48. Rcc8 b5 49. Qd4 Qb3+ 50. Kd2 Qa2+ 51. Ke3 Qe6+ 52. Kf2 Qa2+ 53.
Kf3 Qb3+ 54. Qc3 Qe6 55. Rg8+ Kh6 56. Qd2+ 1-0

[Event "TCh-CHN 2018"]
[Site "China CHN"]
[Date "2018.08.22"]
[Round "12.4"]
[Board "5"]
[White "Danielian, Elina"]
[Black "Huang, Qian"]
[Result "1/2-1/2"]
[WhiteTitle "GM"]
[BlackTitle "WGM"]
[WhiteElo "2426"]
[BlackElo "2444"]
[WhiteTeam "Hebei sports lottery chess team"]
[BlackTeam "Shandong Jingzhi Team"]
[WhiteFideId "13300210"]
[BlackFideId "8602689"]
[EventDate "2018.04.11"]

1. Nf3 Nf6 2. c4 c5 3. Nc3 g6 4. e3 Bg7 5. d4 O-O 6. Be2 cxd4 7. exd4 d5 8. cxd5
Nxd5 9. O-O Nc6 10. Re1 e6 11. Bg5 f6 12. Bd2 Nce7 13. Bc4 Kh8 14. Qb3 b6 15.
Rac1 a6 16. h3 Ra7 17. Nxd5 exd5 18. Bd3 a5 19. Qa3 Nf5 20. Bf4 Bd7 21. Qb3 Bh6
22. Bxh6 Nxh6 23. Qxd5 Bf5 24. Qb3 Bxd3 25. Qxd3 Nf5 26. Rc6 Rd7 27. Re4 Ne7 28.
Rce6 Nd5 29. Qa3 Kg7 30. Qa4 Rff7 31. a3 Rc7 32. Re8 Qd6 33. Qb3 Rc1+ 34. Re1
Rxe1+ 35. Rxe1 Qc6 36. g3 Rc7 37. h4 h5 38. Qd3 Qc2 39. Qe2 Qxe2 40. Rxe2 Kf7
41. Kg2 Rc1 42. Ne1 Rd1 43. Nc2 Rd3 44. Kf1 Rd1+ 45. Re1 Rd3 46. Re2 Rd1+ 47.
Kg2 Rd3 48. Kh2 Ne7 49. Kg2 Nf5 50. Ne1 Rd1 51. Nf3 Nxd4 52. Nxd4 Rxd4 53. Rc2
Ke6 1/2-1/2

[Event "TCh-CHN 2018"]
[Site "China CHN"]
[Date "2018.08.22"]
[Round "12.5"]
[Board "1"]
[White "Liu, Guanchu"]
[Black "Dai, Changren"]
[Result "1-0"]
[WhiteTitle "IM"]
[BlackTitle "IM"]
[WhiteElo "2432"]
[BlackElo "2464"]
[WhiteTeam "Chengdu Beilei Youth Chess Club"]
[BlackTeam "Tianjin Team"]
[WhiteFideId "8603901"]
[BlackFideId "8608156"]
[EventDate "2018.04.11"]

1. e4 e5 2. Nf3 Nc6 3. Nc3 Nf6 4. Bb5 Bc5 5. O-O O-O 6. Nxe5 Nxe5 7. d4 Bd6 8.
f4 Neg4 9. h3 Bb4 10. hxg4 Bxc3 11. bxc3 Nxe4 12. Bd3 d5 13. f5 Qh4 14. Bxe4
dxe4 15. Be3 a5 16. Qe2 Re8 17. c4 Ra6 18. Rab1 g5 19. Bf2 Qh6 20. Bg3 Qc6 21.
Rb5 f6 22. d5 Qd7 23. Rb3 Ra8 24. Re3 Qe7 25. Re1 Qc5 26. Bf2 Bd7 27. Rxe4 Qb4
28. Qd3 Rxe4 29. Rxe4 Re8 30. a3 Qf8 31. Re6 Bxe6 32. fxe6 b6 33. Bd4 Kg7 34.
Qe3 h6 35. c5 bxc5 36. Bxc5 Qg8 37. c4 Qh7 38. Bd4 Qb1+ 39. Kh2 Qf1 40. Qe4 a4
41. Bc3 Qf4+ 42. Qxf4 gxf4 43. Ba5 f5 44. Bxc7 Kf6 45. gxf5 Kxf5 46. c5 Rg8 47.
c6 h5 48. e7 1-0

[Event "TCh-CHN 2018"]
[Site "China CHN"]
[Date "2018.08.22"]
[Round "12.5"]
[Board "2"]
[White "Xu, Xiangyu"]
[Black "Malakhov, Vladimir"]
[Result "1/2-1/2"]
[WhiteTitle "GM"]
[BlackTitle "GM"]
[WhiteElo "2565"]
[BlackElo "2654"]
[WhiteTeam "Chengdu Beilei Youth Chess Club"]
[BlackTeam "Tianjin Team"]
[WhiteFideId "8608288"]
[BlackFideId "4120787"]
[EventDate "2018.04.11"]

1. d4 d5 2. c4 c6 3. Nf3 Nf6 4. Nc3 a6 5. c5 Bf5 6. Qb3 Ra7 7. Bf4 Nbd7 8. e3 e6
9. h3 Be7 10. Nh4 Be4 11. Be2 h6 12. Nf3 Bg6 13. O-O O-O 14. Rac1 Ne4 15. Rfe1
Bf6 16. Nxe4 Bxe4 17. Bd6 Bxf3 18. Bxf3 Re8 19. a4 a5 20. Rc2 Qc8 21. Qd3 Bd8
22. e4 dxe4 23. Bxe4 Bc7 24. d5 Bxd6 25. dxe6 Rxe6 26. cxd6 Nf6 27. Rce2 Qf8 28.
d7 Ra8 29. Bf5 Rxe2 30. Rxe2 Rd8 31. h4 h5 32. Re5 Qb4 33. b3 g6 34. Bh3 Kf8 35.
Qe3 Qd6 36. Rxa5 Nxd7 37. Bxd7 Qxd7 38. Re5 Qd1+ 39. Kh2 Qd4 40. g3 Qxe3 41.
Rxe3 Rd4 42. Kg2 f6 43. Kf3 Rb4 44. Ke2 Kf7 45. f4 g5 46. hxg5 fxg5 47. fxg5 Kg6
48. Kd2 Kxg5 49. Kc3 Rg4 50. a5 Kf5 51. b4 Re4 52. Rxe4 Kxe4 53. b5 cxb5 54. Kb4
Kf3 55. Kxb5 Kxg3 1/2-1/2

[Event "TCh-CHN 2018"]
[Site "China CHN"]
[Date "2018.08.22"]
[Round "12.5"]
[Board "3"]
[White "Vallejo Pons, Francisco"]
[Black "Wang, Yue"]
[Result "1/2-1/2"]
[WhiteTitle "GM"]
[BlackTitle "GM"]
[WhiteElo "2694"]
[BlackElo "2683"]
[WhiteTeam "Chengdu Beilei Youth Chess Club"]
[BlackTeam "Tianjin Team"]
[WhiteFideId "2205530"]
[BlackFideId "8601429"]
[EventDate "2018.04.11"]

1. e4 e5 2. Nf3 Nf6 3. Nxe5 d6 4. Nf3 Nxe4 5. Nc3 Nxc3 6. dxc3 Be7 7. Be3 Nc6 8.
Qd2 Be6 9. O-O-O Qd7 10. Kb1 Bf6 11. Bg5 Bxg5 12. Nxg5 O-O-O 13. Nxe6 Qxe6 14.
g3 Rde8 15. Bg2 f6 16. Rhe1 Qd7 17. Re3 a6 18. b3 Rxe3 19. Qxe3 Qe8 20. Bxc6
Qxc6 21. Re1 h5 22. h4 Qc5 23. Qf3 Qc6 24. Qf5+ Kd8 25. Re3 Qd7 26. Qf3 c6 27.
Re2 Kc7 28. Kb2 Qf7 29. Qf5 Re8 30. Qa5+ Kc8 31. Qf5+ Kc7 32. Qa5+ Kc8 1/2-1/2

[Event "TCh-CHN 2018"]
[Site "China CHN"]
[Date "2018.08.22"]
[Round "12.5"]
[Board "4"]
[White "Khotenashvili, Bela"]
[Black "Ren, Xiaoyi"]
[Result "1/2-1/2"]
[WhiteTitle "GM"]
[WhiteElo "2477"]
[BlackElo "2256"]
[WhiteTeam "Tianjin Team"]
[BlackTeam "Chengdu Beilei Youth Chess Club"]
[WhiteFideId "13602640"]
[BlackFideId "8608709"]
[EventDate "2018.04.11"]

1. d4 d5 2. c4 e6 3. Nf3 Nf6 4. g3 Bb4+ 5. Bd2 Be7 6. Bg2 O-O 7. O-O c6 8. Qc2
a5 9. b3 Ne4 10. Bc1 f5 11. Nc3 Nd7 12. e3 Rb8 13. Ne2 b5 14. Nf4 Rf6 15. c5 Qe8
16. h4 Rh6 17. Bb2 Rb7 18. a3 g5 19. hxg5 Nxg5 20. Ne5 Nxe5 21. dxe5 Ne4 22. Bd4
Bg5 23. Bf3 Rg7 24. Kg2 Bxf4 25. exf4 Qg6 26. Bxe4 fxe4 27. Rh1 Rxh1 28. Rxh1
Qg4 29. Kf1 Qf3 30. Rh3 b4 31. axb4 Ba6+ 32. Kg1 axb4 33. Qb1 Qxf4 34. Qa1 Qf5
35. Rh6 Qf4 36. Rf6 Rxg3+ 37. fxg3 Qxg3+ 38. Kh1 Qh3+ 1/2-1/2

[Event "TCh-CHN 2018"]
[Site "China CHN"]
[Date "2018.08.22"]
[Round "12.5"]
[Board "5"]
[White "Xiao, Yiyi"]
[Black "Dzagnidze, Nana"]
[Result "1-0"]
[WhiteTitle "WFM"]
[BlackTitle "GM"]
[WhiteElo "2295"]
[BlackElo "2516"]
[WhiteTeam "Tianjin Team"]
[BlackTeam "Chengdu Beilei Youth Chess Club"]
[WhiteFideId "8606161"]
[BlackFideId "13601903"]
[EventDate "2018.04.11"]

1. d4 e6 2. c4 d5 3. Nf3 Nf6 4. g3 dxc4 5. Bg2 c5 6. O-O Nc6 7. dxc5 Bxc5 8.
Qxd8+ Kxd8 9. Nbd2 Bd7 10. Nxc4 Ke7 11. Nfe5 Rac8 12. Bg5 Nxe5 13. Nxe5 Bb5 14.
Bxb7 Rb8 15. Bf3 Bd4 16. a4 Be8 17. Nd3 Bd7 18. Rfc1 Rhc8 19. Bf4 Rxc1+ 20. Rxc1
Rb3 21. a5 a6 22. Rc7 Kd8 23. Rb7 Rxb7 24. Bxb7 Bb5 25. Nb4 Bxb2 26. Bxa6 Bxa6
27. Nxa6 Bc3 28. Nc5 Bb4 29. Nb7+ Kc8 30. Nd6+ Bxd6 31. Bxd6 Kb7 32. Be5 Ka6 33.
Bc3 Ne8 34. Kg2 f6 35. Kf3 Nc7 36. h4 Nd5 37. Bd2 Kb5 38. e4 Ne7 39. g4 Ng6 40.
Kg3 h6 41. f4 Ne7 42. h5 Nc6 43. g5 Nd4 44. Kf2 fxg5 45. fxg5 hxg5 46. Bc3 Nc6
47. Bxg7 Ne7 48. h6 Kxa5 49. h7 Ng6 50. Kg3 1-0